| 000 | 00444pab a2200169 454500 | ||
|---|---|---|---|
| 008 | 180718b2014 xxu||||| |||| 00| 0 eng d | ||
| 100 | _aGubins, Sergejs | ||
| 245 | _aDynamic bottleneck congestion and residential land use in the monocentric city | ||
| 260 | _c2014 | ||
| 300 | _ap.51-61. | ||
| 362 | _aMar | ||
| 650 | _aLand use | ||
| 700 | _aVerhoef, Erik T. | ||
| 773 | _aJournal of Urban Economics | ||
| 908 | _aN | ||
| 909 | _a104819 | ||
| 999 |
_c104814 _d104814 |
||